| 000 | 00000nam##2200000za#4500 |
| 001 | 9.643088 |
| 003 | CaOODSP |
| 005 | 20210624224016 |
| 007 | cr ||||||||||| |
| 008 | 150407|2003||||xxc|||||o f|0| 0 fre|d |
| 040 | |aCaOODSP|bfre |
| 043 | |an-cn--- |
| 086 | 1 |aCW66-396/2003F-PDF |
| 110 | 2 |aService canadien de la faune. |
| 245 | 10|aSolutions de conservation - les servitudes de conservation comme dons écologiques |h[ressource électronique] |
| 260 | |aDownsview - Ontario : |bEnvironnement Canada. |cMars 2003. |
| 300 | |a4p.|bphotographies |
| 590 | |a14-21-Supp|b2014-12-11 |
| 691 | 07|aConservation de l'environnement|2gcpds |
| 691 | 07|aDon|2gcpds |
| 775 | 08|tConservation options - conservation easements as ecological gifts |w(CaOODSP)9.699050 |
| 856 | 40|ahttp://publications.gc.ca|qPDF|s196 Ko|uhttps://publications.gc.ca/collections/collection_2014/ec/CW66-396-2003-fra.pdf |